LIBRARY & INFORMATION CENTRE, KCAET, TAVANUR

ONLINE PUBLIC ACCESS CATALOGUE (OPAC)

Everyday english idioms / (Record no. 8670)

MARC details
000 -LEADER
fixed length control field 00391cam a2200157ua 4500
041 ## - LANGUAGE CODE
Language code of text/sound track or separate title eng
082 ## - DEWEY DECIMAL CLASSIFICATION NUMBER
Classification number 428
Item number BEN/EV
100 ## - MAIN ENTRY--AUTHOR NAME
Personal name Benham, R .
245 ## - TITLE STATEMENT
Title Everyday english idioms /
250 ## - EDITION STATEMENT
Edition statement 1 /
260 ## - PUBLICATION, DISTRIBUTION, ETC. (IMPRINT)
Place of publication Mumbai :
Name of publisher D B Taraporevala sons & Co. Pvt. Ltd. ,
Year of publication 1962.
300 ## - PHYSICAL DESCRIPTION
Number of Pages 150 ; .
942 ## - ADDED ENTRY ELEMENTS (KOHA)
Koha item type Books
Holdings
Withdrawn status Lost status Damaged status Home library Current library Date acquired Full call number Accession Number Koha item type Public note
Withdrawn     KAUAET KAUAET 27/01/2021 428 BEN/EV 4725 Books  
Withdrawn     KAUAET Sanskrit University 07/04/2012 428 8565 Books Transferred to Sanskrit University
free website counter